00857nam a2200229 a 4500008004100000020001500041050002000056100001800076245005300094246002500147260004200172300002300214350000900237500004300246650001200289650003700301700002100338700001900359995009600378999001700474952013600491120416s1983 ||||||||||||||||| || u a0471900729 aHD 7288.A87 Swa aSwan, Peter J10aManagement of sites and services housing schemes athe Asian experience aChichesterbJohn Wiley and Sonsc1983 axii, 150 p. : ill. a0.00 aIncludes index. -Bibliography: p. 148. aHOUSING aPUBLIC HOUSING--ASIA--CONGRESSES aWegelin, Emiel A aPanchee, Komol D0.00FCBU-MAIN LIBRARY (Kitwe)H1I14.25M1UAVAILABLEZMain Library Open Access Collection c49992d49992 00102lcc4070a001b001cMain Library Open Access Collectiond2022-11-30l0oHD 7288.A87 Swap004364r2022-11-30w2022-11-30y002